El poder dual /

Bibliografiske detaljer
Hovedforfatter: Zavaleta Mercado, René. 1935-1984 (autor)
Format: Bog
Sprog:Spanish
Udgivet: México: Siglo Veintiuno Editores, 1979.
Udgivelse:Tercera edición
Serier:Mínima, número 65
Fag:

MARC

LEADER 00000cam a2200000 i 4500
003 Ucuenca
005 20230308170535.0
006 a||||gr|||| 00| 0
007 ta
008 000000s1979 ||| ||||r|||||||||||spa a
020 |a 9682305004 
040 |b spa  |a UCuenca-cdrjbv  |c UCuenca  |e rda 
041 0 |a spa 
082 0 |2 21  |a 320.011  |c 89342 
100 1 |a Zavaleta Mercado, René.   |d 1935-1984  |e autor  |9 254729 
245 1 3 |a El poder dual /   |c René Zavaleta Mercado. 
250 |a Tercera edición 
264 1 |a México:   |b Siglo Veintiuno Editores,   |c 1979. 
300 |a 271 páginas:  |c 15 cm 
336 |2 rdacontent  |a texto  |b txt 
337 |2 rdamedia  |a no mediado  |b n 
338 |2 rdacarrier  |a volumen  |b nc 
490 0 |a Mínima,   |v número 65 
650 1 0 |a Poder político  |9 7461 
650 1 7 |2 UCuenca-cdrjbv  |a Estado  |9 287 
852 |a UC-CDJBV 
942 |c BK  |2 ddc  |r luz.vázquez@ucuenca.edu.ec 
999 |c 32807  |d 32807